000 01768cam a22004457a 4500
001 4164
003 FISKH
005 20240624142030.0
008 111219s2011 nyua j 000 1 eng d
010 _a 2011276060
020 _a9781442422537 (hardcover)
020 _a144242253X (hardcover)
020 _a9781442421356 (pbk.)
020 _a1442421355 (pbk.)
035 _a(OCoLC)ocn651915490
040 _aBTCTA
_beng
_cBTCTA
_dIEP
_dSINLB
_dDLC
050 0 0 _aPZ7.H267447
082 _a428.6
100 1 _aHarvey, Alex
_c(Children's story adapter)
245 1 0 _aOlivia goes camping /
_cadapted by Alex Harvey ; illustrated by Jared Osterhold.
260 _aNew York :
_bSimon Spotlight,
_c2011.
300 _a24 unnumbered pages :
_bcolor illustrations ;
_c23 cm
490 0 _aReady-to-read. Level one, star reader
505 _aJ
520 _aOlivia is super excited to have her best friend come along on her family camping trip. However Francine is not a huge fan of the Great Outdoors and is less than excited about the mud, the bugs, and the idea of sleeping in a tent. It's up to Olivia to help Francine get in touch with her inner nature lover.
521 8 _a480
_bLexile
521 8 _aJ
_bRaz-Plus
600 0 0 _aOlivia (Fictitious character from Falconer)
_vJuvenile fiction.
650 0 _aSwine
_vJuvenile fiction.
650 0 _aCamping
_vJuvenile fiction.
650 0 _aFriendship
_vJuvenile fiction.
650 1 _aPigs
_vFiction.
650 7 _aCamping
_vFiction.
_2sears
650 7 _aPigs
_vFiction.
_2sears
655 7 _aRadio and television novels
_vJuvenile fiction.
_2gsafd
700 1 _aOsterhold, Jared,
_eillustrator
906 _a 7
_bcbc
_ccopycat
_d2
_encip
_f20
_gy-gencatlg
942 _2ddc
_cBK
_n0
999 _c4164
_d4164